000 01052cam a2200277 a 4500
001 000007612
005 20200929154231.0
008 990514s1997 sp a b 000 0bspa
020 _a8478203435
040 _aDO-SdBNP
_cDLC
043 _ae-sp---
082 _a927
_bG724O
100 1 _aOna González, José Luis.
_921116
245 1 0 _aGoya y su familia en Zaragoza :
_bnuevas noticias biográficas /
_cJosé Luis Ona González.
260 _aZaragoza :
_bInstitución Fernando el Católico de la Excma,
_bDiputación de Zaragoza,
_c1997.
300 _a321 p. :
_bil. ;
_c31 cm.
490 1 _aInstitución Fernando el Católico
_v1821
504 _aIncluye referencias bibliográficas (p. 313-316).
600 1 0 _aGOYA, FRANCISCO,
_d1746-1828.
_917605
650 4 _aPintores españoles
_vBIOGRAFÍAS
_914281
650 4 _aArquitectura doméstica
_zEspaña
_xHistoria
_921117
700 1 _aGoya, Francisco,
_d1746-1828.
_917605
830 0 _aInstitución Fernando el Católico ;
_v1821
_916722
910 _aCatalogación por copia / LC
049 _aBNGR
999 _c7392
_d7392